مدونة التشريعات الإستثنائية : (Record no. 59996)
[ view plain ]
| 000 -LEADER | |
|---|---|
| fixed length control field | 01714nam a2200325 i 4500 |
| 003 - CONTROL NUMBER IDENTIFIER | |
| control field | EG-GICUC |
| 005 - DATE AND TIME OF LATEST TRANSACTION | |
| control field | 20260314094504.0 |
| 008 - FIXED-LENGTH DATA ELEMENTS--GENERAL INFORMATION | |
| fixed length control field | 260128s1944 ua |||fr|||| 00| 0 ara d |
| 040 ## - CATALOGING SOURCE | |
| Original cataloging agency | EG-GICUC |
| Language of cataloging | ara |
| Transcribing agency | EG-GICUC |
| Modifying agency | EG-GICUC |
| Description conventions | rda |
| 041 0# - LANGUAGE CODE | |
| Language code of text/sound track or separate title | Ara |
| 082 04 - DEWEY DECIMAL CLASSIFICATION NUMBER | |
| Edition number | 21 |
| Classification number | 343.4 |
| Item number | أ ن . م |
| 092 04 - LOCALLY ASSIGNED DEWEY CALL NUMBER (OCLC) | |
| Edition number | 21 |
| 099 ## - LOCAL FREE-TEXT CALL NUMBER (OCLC) | |
| Classification number | Law1 10 343.4 أ ن . م 1944 |
| 100 0# - MAIN ENTRY--PERSONAL NAME | |
| Personal name | أنطون صفير |
| Relator term | مؤلف. |
| 245 10 - TITLE STATEMENT | |
| Title | مدونة التشريعات الإستثنائية : |
| Remainder of title | وهى تتضمن بحثا فى نظام الأحكام العرفية والنصوص الكاملة لجميع التشريعات التى تطبقها المحاكم العسكرية من قوانين، ومراسم، وأوامر صادرة من السلطة القائمة على إجراء الأحكام العرفية أو من مندوبيها وقرارات وزارية وغيرها من اللوائح المنفسدة لتلك التشريعات. |
| Number of part/section of a work | الجزء الأول / |
| Statement of responsibility, etc. | تأليف لواضعها أنطون صفير. |
| 264 #3 - PRODUCTION, PUBLICATION, DISTRIBUTION, MANUFACTURE, AND COPYRIGHT NOTICE | |
| Place of production, publication, distribution, manufacture | القاهرة : |
| Name of producer, publisher, distributor, manufacturer | المطبعة الأميرية، |
| Date of production, publication, distribution, manufacture, or copyright notice | 1944. |
| 300 ## - PHYSICAL DESCRIPTION | |
| Extent | 715 صفحة؛ |
| Dimensions | 24 سم. |
| Other physical details | إيضاحيات، صور، مثيليات ؛ |
| 336 ## - CONTENT TYPE | |
| Source | rda content |
| Content type term | text |
| 337 ## - MEDIA TYPE | |
| Source | rda media |
| Media type term | Computer |
| 338 ## - CARRIER TYPE | |
| Source | rda carrier |
| Carrier type term | Online Resource |
| 504 ## - BIBLIOGRAPHY, ETC. NOTE | |
| Bibliography, etc. note | . 240-220 ببليوجرافيا: صفحات. |
| 505 ## - FORMATTED CONTENTS NOTE | |
| Formatted contents note | الجزء الأول يشمل من أ - ش |
| 546 ## - LANGUAGE NOTE | |
| Language note | النص باللغة العربية |
| 650 1# - SUBJECT ADDED ENTRY--TOPICAL TERM | |
| Topical term or geographic name entry element | التشريعات الجنائية الخاصة |
| Source of heading or term | qrmak |
| 650 1# - SUBJECT ADDED ENTRY--TOPICAL TERM | |
| Topical term or geographic name entry element | القانون الجنائى |
| Source of heading or term | qrmak |
| 651 1# - SUBJECT ADDED ENTRY--GEOGRAPHIC NAME | |
| Source of heading or term | qrmak |
| 856 40 - ELECTRONIC LOCATION AND ACCESS | |
| Uniform Resource Identifier | <a href="https://fll.law.cu.edu.eg/fulltext/bks/B10-08724.pdf">https://fll.law.cu.edu.eg/fulltext/bks/B10-08724.pdf</a> |
| 905 ## - Cataloger and Reviser Names | |
| Cataloger Name: | Yasmin Sayed |
| 942 ## - ADDED ENTRY ELEMENTS (KOHA) | |
| Source of classification or shelving scheme | Dewey Decimal Classification |
| Koha item type | Books |
| Edition | 21 |
| Suppress in OPAC | No |
| Withdrawn status | Lost status | Source of classification or shelving scheme | Damaged status | Not for loan | Collection | Home library | Current library | Date acquired | Total checkouts | Full call number | Barcode | Date last seen | Copy number | Price effective from | Koha item type |
|---|---|---|---|---|---|---|---|---|---|---|---|---|---|---|---|
| Dewey Decimal Classification | Not for loan | القانون الجنائي | جــــامعة القــاهرة | مكتبة كلية الحقوق - المبنى الرئيسي | 28.01.2026 | Law1 10 343.4 أ ن . م 1944 1008724 V1, C1 | B10-08724 | 28.01.2026 | 1 | 28.01.2026 | Books |